00677nam a22001937a 450000500170000001000150001702000260003203500130005803700130007108200100008410000160009424501050011026000320021527000390024730000310028694200240031799900170034195201250035820140613122137.0 aENG-110202 a9788179981399c275.00 aEN-93734 bDBAD/PUB a658.7 aSudha, G.S. aProduction and materials management : cby G.S. Sudhabwith mini cases, problems and helpful hints / aJaipurbMalik and Co.c2014 a337, Chaura Rasta bJaipure302003 axiv,360p.:c23cm(pbk)bill 2ddccENmSUDh658.7 c85068d85068 001040718NFICaDBADbDBADd2014-06-12eENG-110202g275.00l0o658.7 SUDpEN-93734r2014-06-12 00:00:00t1v275.00yEN